Guess the Taylor Swift song - Statistics

General Stats
  • This quiz has been taken 51 times
  • The average score is 174 of 346
Answer Stats
Answer % Correct
I
98%
a
95%
you
93%
You
93%
love
90%
me
90%
the
78%
when
75%
When
75%
to
73%
who
73%
do
70%
so
68%
So
68%
go
65%
And
63%
and
63%
are
63%
your
63%
no
60%
my
58%
like
55%
want
55%
can
53%
in
53%
know
53%
what
53%
why
53%
Why
53%
why?
53%
on
50%
that
50%
for
48%
it
48%
then
45%
have
43%
I'm
43%
say
43%
How
40%
see
40%
tell
40%
Tell
40%
you're
40%
don't
38%
not
38%
said
38%
but
35%
But
35%
get
33%
mean
33%
ask
30%
could
30%
feel
30%
from
30%
here
30%
last
30%
day
25%
doing
25%
night
25%
of
25%
one
25%
take
25%
got
23%
need
23%
Now
23%
took
23%
Yes
23%
chance
20%
down
20%
I've
20%
oh
20%
thing
20%
think
20%
told
20%
around
18%
back
18%
believe
18%
feeling
18%
hard
18%
only
18%
run
18%
shot
18%
small
18%
inside?
15%
let
15%
make
15%
mind?
15%
put
15%
remember
15%
bulletproof
13%
ground
13%
push
13%
streak
13%
trying
13%
Well
13%
whole
13%
cover
10%
heartbeat
10%
here's
10%
Here's
10%
might
10%
sick
10%
temper
10%
tired
10%
attitude
8%
book
8%
cut
8%
dreams
8%
Forget
8%
Makes
8%
perfect
8%
ruin
8%
step
8%
swing
8%
confused
5%
frustrated
5%
someone's
5%
write
5%
feelng
0%
reasos
0%
resons
0%
No matching quizzes found
Score Distribution
Percent of People with Each Score
Percentile by Number Answered
Your Score History
You have not taken this quiz